| 000 | 01014nac a22002651u 4500 | ||
|---|---|---|---|
| 010 | _a 99026274 | ||
| 020 | _a0072289171 (alk. paper) | ||
| 020 | _a0071169334 (international ed. : alk. paper) | ||
| 035 | _a(DLC) 99026274 | ||
| 082 | 0 | 0 |
_a338.5 _bBAY |
| 090 |
_c8758 _d8758 |
||
| 100 | _aBaye, Michael R., | ||
| 245 | 1 | 0 |
_aManagerial economics & business strategy / _cMichael R. Baye. |
| 246 | 3 | _aManagerial economics and business strategy | |
| 250 | _a3rd ed. | ||
| 260 |
_aBoston : _bIrwin/McGraw-Hill,2000 _cc2000. |
||
| 300 |
_axxvi, 558 p. : _bill. (some col.) ; _c24 cm. + _e1 computer disk (3 1/2 in.) |
||
| 500 | _adistributer: Baccah | ||
| 504 | _aIncludes bibliographical references (p. 524-541) and indexes. | ||
| 511 | _acatalogued by: wessam | ||
| 538 | _aSystem requirements for accompanying computer disk: IBM PC; Microsoft Excel 97 or above. | ||
| 650 | 0 | _aManagerial economics. | |
| 650 | 0 | _aStrategic planning. | |
| 942 |
_cBB _k338.5BAY |
||
| 999 |
_c8758 _d8758 |
||